Dr. S. R. Lasker Library Online Catalogue

Home      Library Home      Institutional Repository      E-Resources      MyAthens      EWU Home

Marketing research : (Record no. 4056)

MARC details
000 -LEADER
fixed length control field 01319cam a2200361 a 4500
001 - CONTROL NUMBER
control field 4056
003 - CONTROL NUMBER IDENTIFIER
control field BD-DhEWU
005 - DATE AND TIME OF LATEST TRANSACTION
control field 20190409020001.0
008 - FIXED-LENGTH DATA ELEMENTS--GENERAL INFORMATION
fixed length control field 030703r20052004ii a g 001 0 eng d
020 ## - INTERNATIONAL STANDARD BOOK NUMBER
International Standard Book Number 0131217291 (International ed.)
International Standard Book Number 9780131217294
International Standard Book Number 0131011189
International Standard Book Number 9780131011182
International Standard Book Number 8129702568
035 ## - SYSTEM CONTROL NUMBER
System control number (OCoLC)52620946
040 ## - CATALOGING SOURCE
Original cataloging agency OX/U-1
Language of cataloging eng
Transcribing agency BD-DhEWU
Modifying agency BD-DhEWU
041 ## - LANGUAGE CODE
Language code of text/sound track or separate title eng
082 04 - DEWEY DECIMAL CLASSIFICATION NUMBER
Classification number 658.83
Item number MAM 2004
100 1# - MAIN ENTRY--PERSONAL NAME
Personal name Malhotra, Naresh K.
9 (RLIN) 11736
245 10 - TITLE STATEMENT
Title Marketing research :
Remainder of title an applied orientation /
Statement of responsibility, etc Naresh K. Malhotra.
250 ## - EDITION STATEMENT
Edition statement 4th ed.
260 ## - PUBLICATION, DISTRIBUTION, ETC. (IMPRINT)
Place of publication, distribution, etc London;
-- New Delhi :
Name of publisher, distributor, etc Prentice-Hall International;
-- Pearson Education,
Date of publication, distribution, etc 2004.
300 ## - PHYSICAL DESCRIPTION
Extent xxix, [781] p. [various pagings] :
Other physical details ill., ports. ;
Dimensions 28 cm.
500 ## - GENERAL NOTE
General note Disc in pocket attached to front cover.
General note Accompanying material: Instructors manual (book) ; Instructor's resource CD-ROM (4 3/4 in.)
504 ## - BIBLIOGRAPHY, ETC. NOTE
Bibliography, etc Includes bibliographical references and index
526 ## - STUDY PROGRAM INFORMATION NOTE
Program name BA
590 ## - LOCAL NOTE (RLIN)
Local note Sagar Shahanawaz
650 #0 - SUBJECT ADDED ENTRY--TOPICAL TERM
Topical term or geographic name as entry element Marketing research
General subdivision Methodology.
9 (RLIN) 197
856 42 - ELECTRONIC LOCATION AND ACCESS
Materials specified WorldCat details
Uniform Resource Identifier https://www.worldcat.org/title/marketing-research-an-applied-orientation/oclc/52620946&referer=brief_results
942 ## - ADDED ENTRY ELEMENTS (KOHA)
Source of classification or shelving scheme Dewey Decimal Classification
Koha item type Text
Koha issues (borrowed), all copies 93
Holdings
Withdrawn status Lost status Source of classification or shelving scheme Damaged status Not for loan Collection code Home library Current library Shelving location Date acquired Source of acquisition Cost, normal purchase price Total Checkouts Full call number Barcode Date last seen Date checked out Copy number Koha item type Total Renewals
    Dewey Decimal Classification     Non-fiction Dr. S. R. Lasker Library, EWU Dr. S. R. Lasker Library, EWU Circulation Section 26/06/2005 Karim International 600.00 2 658.83 MAM 2004 15414 16/10/2019 13/10/2019 C-3 Text  
    Dewey Decimal Classification     Non-fiction Dr. S. R. Lasker Library, EWU Dr. S. R. Lasker Library, EWU Circulation Section 26/06/2005 Karim International 600.00 23 658.83 MAM 2004 15415 17/04/2019 08/04/2019 C-4 Text 1
    Dewey Decimal Classification     Non-fiction Dr. S. R. Lasker Library, EWU Dr. S. R. Lasker Library, EWU Circulation Section 03/10/2005 Karim International 450.00 27 658.83 MAM 2004 16250 30/10/2025 26/10/2025 C-6 Text 1
    Dewey Decimal Classification     Non-fiction Dr. S. R. Lasker Library, EWU Dr. S. R. Lasker Library, EWU Circulation Section 03/10/2005 Karim International 450.00 18 658.83 MAM 2004 16252 13/11/2018 08/11/2018 C-8 Text  
    Dewey Decimal Classification   Not For Loan Non-fiction Dr. S. R. Lasker Library, EWU Dr. S. R. Lasker Library, EWU Reserve Section 26/06/2005 Karim International 600.00 1 658.83 MAM 2004 15412 27/04/2014 11/10/2012 C-1 Text  
    Dewey Decimal Classification   Not For Loan Non-fiction Dr. S. R. Lasker Library, EWU Dr. S. R. Lasker Library, EWU Reserve Section 26/06/2005 Karim International 600.00   658.83 MAM 2004 15413 06/02/2018   C-2 Text  
    Dewey Decimal Classification     Non-fiction Dr. S. R. Lasker Library, EWU Dr. S. R. Lasker Library, EWU Circulation Section 26/06/2005 Karim International 600.00 19 658.83 MAM 2004 15416 27/10/2022 20/10/2022 C-5 Text 1
    Dewey Decimal Classification     Non-fiction Dr. S. R. Lasker Library, EWU Dr. S. R. Lasker Library, EWU Circulation Section 03/10/2005 Karim International 450.00 28 658.83 MAM 2004 16251 22/12/2025 18/12/2025 C-7 Text  
    Dewey Decimal Classification     Non-fiction Dr. S. R. Lasker Library, EWU Dr. S. R. Lasker Library, EWU Circulation Section 03/10/2005 Karim International 450.00 17 658.83 MAM 2004 16253 12/11/2018 11/11/2018 C-9 Text  
    Dewey Decimal Classification     Non-fiction Dr. S. R. Lasker Library, EWU Dr. S. R. Lasker Library, EWU Circulation Section 03/10/2005 Karim International 450.00 17 658.83 MAM 2004 16254 08/01/2023 02/10/2018 C-10 Text